Echokardiográfiás vizsgálatok indikációi gyermekkorban
Elmentve itt :
| Szerző: | |
|---|---|
| Dokumentumtípus: | Könyv része |
| Megjelent: |
2001
|
| Sorozat: | Tiszaparti esték
2 Tiszaparti esték : gyermekgyógyászati továbbképző előadások 2000-2001 2 |
| Kulcsszavak: | Echokardiográfia, Szívbetegségek - diagnosztika |
| Tárgyszavak: | |
| Online Access: | http://acta.bibl.u-szeged.hu/18721 |
| LEADER | 00817naa a2200217 i 4500 | ||
|---|---|---|---|
| 001 | acta18721 | ||
| 005 | 20220307125634.0 | ||
| 008 | 161015s2001 hu o 0|| hun d | ||
| 022 | |a 1588-3515 | ||
| 040 | |a SZTE Egyetemi Kiadványok Repozitórium |b hun | ||
| 041 | |a hun | ||
| 100 | 1 | |a Kádár Krisztina | |
| 245 | 1 | 0 | |a Echokardiográfiás vizsgálatok indikációi gyermekkorban |h [elektronikus dokumentum] / |c Kádár Krisztina |
| 260 | |c 2001 | ||
| 300 | |a 65 | ||
| 490 | 0 | |a Tiszaparti esték |v 2 | |
| 490 | 0 | |a Tiszaparti esték : gyermekgyógyászati továbbképző előadások 2000-2001 |v 2 | |
| 650 | 4 | |a Orvos- és egészségtudomány | |
| 650 | 4 | |a Klinikai orvostan | |
| 695 | |a Echokardiográfia, Szívbetegségek - diagnosztika | ||
| 856 | 4 | 0 | |u http://acta.bibl.u-szeged.hu/18721/1/tiszaparti_2000_065.pdf |z Dokumentum-elérés |